[Event "?"]
[Site "?"]
[Date "????.??.??"]
[Round "?"]
[White "Johansson, P."]
[Black "Reinemann, G."]
[Result "0-1"]
[WhiteElo "2007"]
[BlackElo "1999"]
[PlyCount "57"]
[EventDate "2013.??.??"]
[WhiteTeam "Schweden 3"]
[BlackTeam "Saale-Schachbund Halle"]

1. d4 Nf6 2. Nf3 g6 3. c4 Bg7 4. g3 O-O 5. Bg2 d6 6. O-O Nc6 7. Nc3 a6 8. h3
Rb8 9. Qc2 Bd7 10. e4 b5 11. cxb5 axb5 12. Be3 b4 13. Ne2 Qc8 14. d5 b3 15.
axb3 Nb4 16. Qb1 Bb5 17. Nfd4 Bd3 18. Qc1 Nxe4 19. Rd1 Nc5 20. Nf4 Be4 21. Qd2
Bxg2 22. Kxg2 Qb7 23. Nf3 Nxb3 24. Qe2 Nxa1 25. Rxa1 Nxd5 26. Ra7 Nxe3+ 27.
Qxe3 Qb6 28. Qxb6 Rxb6 29. Rxc7 0-1

[Event "?"]
[Site "?"]
[Date "????.??.??"]
[Round "?"]
[White "Sobeck, G."]
[Black "Burchardt, B."]
[Result "1/2-1/2"]
[WhiteElo "2096"]
[BlackElo "2201"]
[PlyCount "86"]
[EventDate "2013.??.??"]
[WhiteTeam "USG Chemnitz"]
[BlackTeam "Deutschland Frauen"]

1. b3 d5 2. Bb2 c5 3. e3 Nc6 4. Bb5 Nf6 5. Nf3 Bg4 6. h3 Bh5 7. g4 Bg6 8. Ne5
Qc7 9. h4 d4 10. exd4 cxd4 11. Bxc6+ bxc6 12. Bxd4 Be4 13. Rg1 c5 14. Bb2 e6
15. d3 Bb7 16. Nd2 Bd6 17. Ndc4 Nd5 18. Qd2 Be7 19. g5 Rf8 20. O-O-O f6 21.
gxf6 Bxf6 22. Qa5 Qxa5 23. Nxa5 O-O-O 24. Nxb7 Kxb7 25. Nc4 Nc3 26. Rde1 Nxa2+
27. Kd1 Bxb2 28. Nxb2 Rxf2 29. Rxg7+ Kb8 30. Na4 Nb4 31. Nxc5 Rd5 32. Rg8+ Kc7
33. Nxe6+ Kb7 34. Rg5 Rxg5 35. Nxg5 h6 36. Re7+ Kb8 37. Ne4 Rxc2 38. Re6 Rh2
39. Rxh6 Nxd3 40. h5 Nb2+ 41. Kc1 Nd3+ 42. Kd1 Nb2+ 43. Ke1 Nd3+ 1/2-1/2

[Event "?"]
[Site "?"]
[Date "????.??.??"]
[Round "?"]
[White "Jeske, K."]
[Black "Wuensch, U."]
[Result "1/2-1/2"]
[WhiteElo "1975"]
[BlackElo "2092"]
[PlyCount "85"]
[EventDate "2013.??.??"]
[WhiteTeam "Deutschland Frauen"]
[BlackTeam "USG Chemnitz"]

1. e4 c5 2. Nf3 Nc6 3. d4 cxd4 4. Nxd4 g6 5. c4 Bg7 6. Be3 d6 7. Be2 Nf6 8. Nc3
O-O 9. O-O Bd7 10. Kh1 Nxd4 11. Bxd4 Bc6 12. f3 Ne8 13. Bxg7 Nxg7 14. Bd3 Rc8
15. Rc1 Re8 16. b4 Bd7 17. f4 f5 18. Qb3 Be6 19. Nd5 Qd7 20. Rfd1 Bxd5 21. exd5
Nh5 22. g3 Nf6 23. Be2 h6 24. Bf3 Kh7 25. c5 Qc7 26. Qe3 a5 27. Qe6 Kg7 28. a3
axb4 29. axb4 dxc5 30. bxc5 Qa5 31. Qe3 Qb4 32. Rd4 Qb2 33. Rdc4 Ng4 34. Bxg4
fxg4 35. R4c3 Qb4 36. Qe5+ Kh7 37. Qe6 Qd4 38. Qe5 Qd2 39. f5 Qg5 40. Rf1 Rf8
41. fxg6+ Kxg6 42. Qxg5+ Kxg5 43. Rxf8 1/2-1/2

[Event "?"]
[Site "?"]
[Date "????.??.??"]
[Round "?"]
[White "Staudte, R."]
[Black "Nobis, M."]
[Result "1/2-1/2"]
[WhiteElo "1919"]
[BlackElo "1846"]
[PlyCount "83"]
[EventDate "2013.??.??"]
[WhiteTeam "USG Chemnitz"]
[BlackTeam "Deutschland Frauen"]

1. d4 d5 2. c4 c6 3. Nf3 Nf6 4. Nc3 e6 5. Bg5 Be7 6. e3 Nbd7 7. Rc1 O-O 8. Bd3
h6 9. Bh4 Re8 10. O-O Nf8 11. Ne5 N6d7 12. Bxe7 Qxe7 13. f4 dxc4 14. Bxc4 Nb6
15. Bb3 Rd8 16. Qh5 Nd5 17. Qf3 Nd7 18. Rfd1 N7f6 19. Kh1 Bd7 20. e4 Nxc3 21.
Rxc3 Be8 22. Qe3 Nd7 23. Nxd7 Bxd7 24. h3 Be8 25. a3 a5 26. Kh2 a4 27. Ba2 b5
28. Qc1 Rd6 29. Rc5 Rad8 30. Qc3 Qd7 31. d5 exd5 32. e5 Rg6 33. Bb1 f5 34. g4
d4 35. Qe1 Qe7 36. Rcc1 h5 37. Bxf5 Rh6 38. g5 Rh8 39. h4 c5 40. Qf2 g6 41. Be4
Kg7 42. Qg3 1/2-1/2

[Event "?"]
[Site "?"]
[Date "????.??.??"]
[Round "?"]
[White "Gottschall, I."]
[Black "Pfeiffer, A."]
[Result "1/2-1/2"]
[WhiteElo "1731"]
[BlackElo "2077"]
[PlyCount "101"]
[EventDate "2013.??.??"]
[WhiteTeam "Deutschland Frauen"]
[BlackTeam "USG Chemnitz"]

1. d4 Nf6 2. c4 e6 3. Nc3 Bb4 4. Qc2 c5 5. Nf3 Nc6 6. e3 d5 7. dxc5 Qa5 8. Nd2
d4 9. Nce4 dxe3 10. Nxf6+ gxf6 11. fxe3 Qxc5 12. Qb3 a5 13. a3 a4 14. Qd3 Ne5
15. Qd4 Bxd2+ 16. Bxd2 Qc6 17. Bb4 b6 18. O-O-O Bb7 19. Qd6 Qxd6 20. Rxd6 Nd7
21. Rd2 O-O-O 22. Rg1 Rhg8 23. g3 f5 24. Be2 Ne5 25. Rgd1 Rxd2 26. Rxd2 Ng4 27.
Bxg4 Rxg4 28. Rd4 Ba6 29. c5 Rxd4 30. exd4 Kc7 31. cxb6+ Kxb6 32. Kd2 Bc4 33.
Ke3 Kc6 34. Kf4 Kd5 35. Ke3 Bb3 36. Bc3 f6 37. Kf4 Bc2 38. Ke3 e5 39. dxe5 fxe5
40. Ba5 Bb3 41. Bb4 Bc4 42. Ba5 Bf1 43. Bb4 Bh3 44. Ba5 h5 45. Bd8 Bg4 46. h4
Bd1 47. Ba5 Bb3 48. Bc3 Bc4 49. Bb4 Bb5 50. Bc3 Be8 51. Ba5 1/2-1/2

[Event "?"]
[Site "?"]
[Date "????.??.??"]
[Round "?"]
[White "Schmidt, G."]
[Black "Van Geffen, B."]
[Result "1/2-1/2"]
[WhiteElo "2235"]
[BlackElo "2096"]
[PlyCount "33"]
[EventDate "2013.??.??"]
[WhiteTeam "USV TU Dresden"]
[BlackTeam "Niederlande"]

1. d4 Nf6 2. Nf3 e6 3. c4 c5 4. e3 cxd4 5. exd4 d5 6. Nc3 Nc6 7. Bg5 Be7 8. Bd3
O-O 9. O-O Nb4 10. Be2 dxc4 11. Bxc4 b6 12. Qe2 Bb7 13. Ne5 Nbd5 14. f4 Nxc3
15. bxc3 Nd5 16. Bxe7 Qxe7 17. Bxd5 1/2-1/2

[Event "?"]
[Site "?"]
[Date "????.??.??"]
[Round "?"]
[White "Holscher, P."]
[Black "Petzold, H."]
[Result "1-0"]
[WhiteElo "2085"]
[BlackElo "2129"]
[PlyCount "147"]
[EventDate "2013.??.??"]
[WhiteTeam "Niederlande"]
[BlackTeam "USV TU Dresden"]

1. d4 e6 2. Nf3 f5 3. g3 Nf6 4. Bg2 Be7 5. c4 O-O 6. O-O d6 7. Nc3 Qe8 8. Qc2
Nbd7 9. e4 fxe4 10. Nxe4 Nxe4 11. Qxe4 Nf6 12. Qe2 Qh5 13. h3 Bd7 14. Re1 h6
15. Nh2 c6 16. Qxh5 Nxh5 17. Bd2 Bf6 18. Bc3 Rae8 19. Bf3 g6 20. Bxh5 gxh5 21.
Rad1 Rf7 22. h4 Ref8 23. Bb4 Be7 24. Re2 b6 25. Rd3 Bc8 26. b3 c5 27. dxc5 bxc5
28. Bd2 Kh7 29. f4 d5 30. Nf3 Rg8 31. Kh2 Bf6 32. Ne5 Bb7 33. Be1 Ra8 34. Bf2
Rc8 35. Rdd2 Re7 36. Nd3 d4 37. Ne5 a5 38. Be3 Rec7 39. Rd3 Ra8 40. Kg1 Kg7 41.
Kf2 Be7 42. Nf3 Ra6 43. Bd2 Kf6 44. f5 exf5 45. Bxh6 Be4 46. Rd1 Bd6 47. Bg5+
Kg6 48. Ne1 Bf8 49. Nd3 Bd6 50. Nb2 Rd7 51. Na4 Rc6 52. Rg1 Be5 53. Bf4 Bf6 54.
Bd2 d3 55. Ree1 Bd4+ 56. Be3 d2 57. Rd1 Bxe3+ 58. Kxe3 Bc2 59. Kf2 Bxd1 60.
Rxd1 Rd4 61. Nc3 Re6 62. Ne2 Ree4 63. Nxd4 Rxd4 64. Ke3 f4+ 65. gxf4 Kf5 66.
Rxd2 Rxd2 67. Kxd2 Kxf4 68. a3 Kg4 69. b4 cxb4 70. axb4 axb4 71. Kc2 Kf5 72.
Kb3 Ke6 73. Kxb4 Kd6 74. Kb5 1-0

[Event "?"]
[Site "?"]
[Date "????.??.??"]
[Round "?"]
[White "Kahn, P."]
[Black "Van Duijn, R."]
[Result "1-0"]
[WhiteElo "2129"]
[BlackElo "2021"]
[PlyCount "111"]
[EventDate "2013.??.??"]
[WhiteTeam "USV TU Dresden"]
[BlackTeam "Niederlande"]

1. e4 e6 2. d4 d5 3. Nd2 Nf6 4. e5 Nfd7 5. f4 c5 6. c3 Nc6 7. Ndf3 Qb6 8. g3
cxd4 9. cxd4 Bb4+ 10. Kf2 O-O 11. Kg2 f6 12. Bd3 a5 13. Ne2 a4 14. a3 Be7 15.
Nc3 Qa7 16. Nb5 Qb8 17. Qc2 f5 18. Bd2 Nb6 19. Rac1 Bd7 20. h3 Rc8 21. Qb1 Na5
22. Bxa5 Rxa5 23. Rxc8+ Qxc8 24. Rc1 Nc4 25. Nc3 Ra6 26. Nxa4 Bxa4 27. b3 Bxb3
28. Qxb3 Ne3+ 29. Kf2 Qxc1 30. Bxa6 bxa6 31. Qxe3 Qxe3+ 32. Kxe3 Bxa3 33. Ng5
Bb4 34. Nxe6 Ba5 35. Nc5 h5 36. Nxa6 Be1 37. Nc7 Bxg3 38. Nxd5 Kf7 39. Nc7 Bh4
40. d5 Ke7 41. Ne6 g6 42. Kd4 Bf2+ 43. Kc4 Be3 44. Kd3 Bc1 45. Kd4 Kf7 46. Kc5
Ke7 47. Kc6 Bd2 48. Ng5 Ba5 49. d6+ Kd8 50. e6 Ke8 51. Nf3 Bd8 52. Kb7 Bf6 53.
Kc8 Bd8 54. Ne5 g5 55. fxg5 Bxg5 56. d7+ 1-0

[Event "?"]
[Site "?"]
[Date "????.??.??"]
[Round "?"]
[White "Munninghoff, A."]
[Black "Kneschke, H."]
[Result "0-1"]
[WhiteElo "1945"]
[BlackElo "2038"]
[PlyCount "127"]
[EventDate "2013.??.??"]
[WhiteTeam "Niederlande"]
[BlackTeam "USV TU Dresden"]

1. c4 Nf6 2. g3 c6 3. Bg2 d5 4. Nf3 Bf5 5. O-O e6 6. b3 h6 7. Bb2 Be7 8. d3 O-O
9. Nbd2 a5 10. a3 Na6 11. Nd4 Bg6 12. Nc2 Qb6 13. Ra2 Rfd8 14. Qa1 Ne8 15. Nf3
Bf6 16. Ne5 Bh7 17. Ng4 Bxb2 18. Rxb2 Nc5 19. cxd5 cxd5 20. b4 axb4 21. Rxb4
Qa6 22. h4 h5 23. Nge3 Nd6 24. g4 hxg4 25. Rxg4 Ne8 26. h5 f5 27. Rg5 Rd7 28.
Kh1 Qa4 29. f4 d4 30. h6 dxe3 31. Nxe3 Qd4 32. Qc1 Nb3 33. Qc4 Qxc4 34. Nxc4
Kh8 35. Nb6 gxh6 36. Rh5 Rad8 37. Nxd7 Rxd7 38. Rb1 Nc5 39. Rc1 Rc7 40. Bf3 Kg7
41. Kg2 Nd6 42. Rhh1 b6 43. d4 Na6 44. Rxc7+ Nxc7 45. Rc1 Nd5 46. Rc6 Ne4 47.
Bxe4 fxe4 48. Kg3 Bf5 49. Kf2 h5 50. Kg3 Kf6 51. a4 Bg4 52. e3 Bd1 53. Rc8 Nxe3
54. Rf8+ Ke7 55. Rh8 Nf5+ 56. Kf2 h4 57. Rb8 e3+ 58. Ke1 Bxa4 59. Rxb6 h3 60.
Rb7+ Bd7 61. Rb8 Bc6 62. Rh8 Bg2 63. Ke2 Kf6 64. Rh5 0-1

[Event "?"]
[Site "?"]
[Date "????.??.??"]
[Round "?"]
[White "Villing, D."]
[Black "Werchan, H."]
[Result "1-0"]
[WhiteElo "2120"]
[BlackElo "2141"]
[PlyCount "119"]
[EventDate "2013.??.??"]
[WhiteTeam "SF Rhein"]
[BlackTeam "Ottonen Magdeburg"]

1. d4 Nf6 2. Nc3 c5 3. d5 e6 4. e4 exd5 5. exd5 d6 6. Bb5+ Nbd7 7. Bg5 Be7 8.
Nf3 O-O 9. O-O a6 10. Bxd7 Bxd7 11. Qd2 h6 12. Bh4 Bf5 13. Rfe1 Re8 14. a4 g5
15. Bg3 Nh5 16. a5 Nxg3 17. hxg3 Bf6 18. Na4 Rc8 19. Nb6 Rc7 20. Rxe8+ Qxe8 21.
Nc4 Qd8 22. Ra3 Rd7 23. Rb3 Qf8 24. Nh2 Bd8 25. g4 Bg6 26. Nf1 Qg7 27. Nfe3 Qf6
28. Nf5 Bxf5 29. Rf3 Qd4 30. Qxd4 cxd4 31. Rxf5 Kg7 32. Kf1 Kg6 33. Rf3 h5 34.
gxh5+ Kxh5 35. Ke2 Kg6 36. g4 Bf6 37. Kd3 Be5 38. Nxe5+ dxe5 39. Ke4 f6 40. Rb3
Kf7 41. c3 d3 42. c4 d2 43. Rd3 Rc7 44. b3 Rc5 45. Rxd2 Rxa5 46. d6 Ke8 47. Kf5
Kd7 48. Kxf6 Ra3 49. Kxe5 Rxb3 50. Kf5 Rb4 51. Kxg5 Rxc4 52. f4 b5 53. f5 b4
54. f6 b3 55. f7 Rc8 56. Kf6 a5 57. g5 a4 58. g6 a3 59. g7 a2 60. Rd1 1-0

[Event "?"]
[Site "?"]
[Date "????.??.??"]
[Round "?"]
[White "Bondick, K."]
[Black "Goy, U."]
[Result "1/2-1/2"]
[WhiteElo "2082"]
[BlackElo "2220"]
[PlyCount "56"]
[EventDate "2013.??.??"]
[WhiteTeam "Ottonen Magdeburg"]
[BlackTeam "SF Rhein"]

1. d4 d5 2. c4 e6 3. Nc3 Nf6 4. Bg5 Be7 5. Nf3 O-O 6. Qc2 Nbd7 7. Rd1 a6 8. e3
h6 9. Bh4 c6 10. a3 b5 11. c5 Ng4 12. Bg3 f5 13. Bd3 Ngf6 14. Ne5 Nxe5 15. Bxe5
Bd7 16. O-O Be8 17. f3 Nd7 18. Ne2 Nxe5 19. dxe5 Qb8 20. f4 Bh5 21. Rc1 Bxe2
22. Qxe2 a5 23. b3 Rf7 24. g4 g6 25. Kh1 Kh7 26. Rg1 Qf8 27. Qc2 Rg7 28. Rg3
Qf7 1/2-1/2

[Event "?"]
[Site "?"]
[Date "????.??.??"]
[Round "?"]
[White "Krebs, D."]
[Black "Andreas, G."]
[Result "1-0"]
[WhiteElo "2080"]
[BlackElo "2000"]
[PlyCount "103"]
[EventDate "2013.??.??"]
[WhiteTeam "SF Rhein"]
[BlackTeam "Ottonen Magdeburg"]

1. e4 e5 2. Nf3 Nc6 3. Bb5 a6 4. Bxc6 dxc6 5. O-O Bg4 6. h3 Bxf3 7. Qxf3 Bc5 8.
d3 Ne7 9. Nd2 b5 10. Nb3 Bb6 11. Be3 Qd6 12. Rfd1 c5 13. a4 O-O 14. axb5 axb5
15. Qe2 Nc6 16. c3 Rxa1 17. Rxa1 Rd8 18. Nc1 h6 19. Kf1 Kh7 20. g3 Qf8 21. g4
Ra8 22. Rxa8 Qxa8 23. Qc2 Qa1 24. Kg2 b4 25. Nb3 Qa4 26. Nd4 Qxc2 27. Nxc2 bxc3
28. bxc3 Ba5 29. Bd2 Bb6 30. Kf3 Kg6 31. Ne3 f6 32. Nc4 Kf7 33. Ke2 Na5 34.
Nxa5 Bxa5 35. Kd1 g5 36. Kc2 Ke6 37. Kb3 c6 38. Kc4 Kd6 39. Bc1 Bb6 40. Ba3 Ba7
41. f3 Bb6 42. d4 Ba7 43. dxe5+ fxe5 44. Bc1 Bb6 45. Be3 Ba7 46. Bf2 Bb6 47. h4
Bd8 48. Bxc5+ Kd7 49. h5 Be7 50. Bxe7 Kxe7 51. Kc5 Kd7 52. Kb6 1-0

[Event "?"]
[Site "?"]
[Date "????.??.??"]
[Round "?"]
[White "Haase, W."]
[Black "Niebuhr, G."]
[Result "1/2-1/2"]
[WhiteElo "2120"]
[BlackElo "2072"]
[PlyCount "50"]
[EventDate "2013.??.??"]
[WhiteTeam "Hessen 2"]
[BlackTeam "FB Niedersachsen"]

1. e4 e5 2. Nf3 Nc6 3. d4 exd4 4. Bc4 Nf6 5. O-O Nxe4 6. Re1 d5 7. Bxd5 Qxd5 8.
Nc3 Qh5 9. Nxe4 Be6 10. Bg5 Bd6 11. Bf6 Bxh2+ 12. Nxh2 Qxd1 13. Raxd1 gxf6 14.
Nxf6+ Ke7 15. Nd5+ Kd6 16. Nf4 Rae8 17. Rd2 Bxa2 18. Ra1 Bd5 19. c3 Re4 20.
Nxd5 Kxd5 21. Nf3 Rhe8 22. Rad1 Re2 23. Nxd4 Rxd2 24. Rxd2 Re1+ 25. Kh2 Nxd4
1/2-1/2

[Event "?"]
[Site "?"]
[Date "????.??.??"]
[Round "?"]
[White "Jürgens, P."]
[Black "Thieme, H."]
[Result "1/2-1/2"]
[WhiteElo "2023"]
[BlackElo "2084"]
[PlyCount "57"]
[EventDate "2013.??.??"]
[WhiteTeam "FB Niedersachsen"]
[BlackTeam "Hessen 2"]

1. d4 Nf6 2. Nf3 e6 3. Bf4 c5 4. e3 cxd4 5. exd4 b6 6. Nbd2 Bb7 7. h3 d6 8.
Bb5+ Nbd7 9. O-O a6 10. Bd3 Be7 11. a4 O-O 12. Re1 Re8 13. Ne4 Nxe4 14. Bxe4
Bxe4 15. Rxe4 Rc8 16. c3 Qc7 17. Re1 Nf6 18. Qd3 Qc4 19. Qxc4 Rxc4 20. Nd2 Rc6
21. Nf1 Nd5 22. Bd2 Rb8 23. Ne3 Nxe3 24. Bxe3 b5 25. axb5 axb5 26. Bd2 d5 27.
Ra7 Bd8 28. Rea1 Kf8 29. Ra8 1/2-1/2

[Event "?"]
[Site "?"]
[Date "????.??.??"]
[Round "?"]
[White "Schwertel, J."]
[Black "Peltola, L."]
[Result "1/2-1/2"]
[WhiteElo "2010"]
[BlackElo "2006"]
[PlyCount "72"]
[EventDate "2013.??.??"]
[WhiteTeam "Rheno Palatinat"]
[BlackTeam "Helsinki"]

1. d4 Nf6 2. Nf3 e6 3. Bg5 Be7 4. e3 d5 5. Nbd2 Nbd7 6. Bd3 c5 7. c3 h6 8. Bh4
b6 9. O-O Bb7 10. Qe2 O-O 11. Rfe1 Ne4 12. Bxe7 Qxe7 13. Nf1 Rad8 14. Rad1 Nd6
15. Bb1 e5 16. dxe5 Nxe5 17. Nxe5 Qxe5 18. Qc2 g6 19. Ng3 Rfe8 20. Ne2 Nf5 21.
Ng3 Nxg3 22. hxg3 Qg5 23. Qa4 a6 24. Qf4 Qxf4 25. gxf4 Kg7 26. f3 a5 27. Kf2
Bc6 28. Bc2 b5 29. a3 a4 30. Rd2 Rb8 31. e4 dxe4 32. fxe4 Red8 33. Red1 Rxd2+
34. Rxd2 b4 35. cxb4 cxb4 36. axb4 Bxe4 1/2-1/2

[Event "?"]
[Site "?"]
[Date "????.??.??"]
[Round "?"]
[White "Auvinen, E."]
[Black "Walther, D."]
[Result "1/2-1/2"]
[WhiteElo "1956"]
[BlackElo "2159"]
[PlyCount "77"]
[EventDate "2013.??.??"]
[WhiteTeam "Helsinki"]
[BlackTeam "Rheno Palatinat"]

1. e4 c5 2. Nf3 Nc6 3. d4 cxd4 4. Nxd4 g6 5. g3 Bg7 6. Be3 d6 7. Bg2 Nf6 8. O-O
O-O 9. h3 Bd7 10. c4 Nxd4 11. Bxd4 Qc8 12. b3 Bxh3 13. Nc3 Bxg2 14. Kxg2 a6 15.
Nd5 Nxd5 16. exd5 Qd7 17. Bxg7 Kxg7 18. Qd4+ Kg8 19. Qb6 e5 20. dxe6 fxe6 21.
Rad1 Rad8 22. Rd2 Qc6+ 23. Qxc6 bxc6 24. Rfd1 d5 25. f4 Rf5 26. Re1 Kf7 27. c5
h5 28. Rd4 Rb8 29. Ra4 Rb5 30. b4 a5 31. bxa5 Ke7 32. a6 Rf8 33. Rc1 Ra8 34.
Kf3 Kf6 35. Ke3 e5 36. fxe5+ Kxe5 37. Kd3 Ra7 38. Re1+ Kf5 39. Kd4 1/2-1/2

[Event "?"]
[Site "?"]
[Date "????.??.??"]
[Round "?"]
[White "Pusch, H."]
[Black "Patola, E."]
[Result "1/2-1/2"]
[WhiteElo "2139"]
[BlackElo "1947"]
[PlyCount "133"]
[EventDate "2013.??.??"]
[WhiteTeam "Rheno Palatinat"]
[BlackTeam "Helsinki"]

1. e4 d5 2. exd5 Qxd5 3. Nf3 Nf6 4. Nc3 Qa5 5. d4 Ne4 6. Bd2 Nxd2 7. Qxd2 e6 8.
Bc4 Nd7 9. O-O Nf6 10. a3 c6 11. Rfe1 Be7 12. Rad1 O-O 13. d5 cxd5 14. Nxd5 Qd8
15. Nxe7+ Qxe7 16. Ne5 b6 17. Qg5 h6 18. Qh4 Nd5 19. Qg3 Nf6 20. b4 Ne8 21. Bb5
Nf6 22. Qh4 Nd5 23. Qg3 Qg5 24. Qxg5 hxg5 25. Bc6 Rb8 26. Bxd5 exd5 27. Rxd5
Be6 28. Rd2 Rbc8 29. h3 Rc3 30. Nf3 Bxh3 31. Nxg5 Bf5 32. Re3 Rxe3 33. fxe3 Rc8
34. e4 Bg4 35. Kf2 f6 36. Kg3 Bh5 37. Nf3 Rc3 38. Rd3 Rxc2 39. Nd4 Rc4 40. Nb5
a5 41. bxa5 bxa5 42. Nd6 Rc6 43. Nf5 Rc7 44. Kf4 Ra7 45. g4 Bg6 46. Rd5 Bxf5
47. Kxf5 Kf7 48. g5 fxg5 49. Rb5 g4 50. Kxg4 Ke6 51. Kf4 a4 52. Rb6+ Ke7 53.
Kf5 Kf7 54. e5 Ke7 55. Rg6 Ke8 56. Rg4 Ra5 57. Rb4 Ra7 58. Rd4 Kf7 59. Rd6 Ke7
60. Rb6 Kf7 61. e6+ Ke7 62. Rb5 Kf8 63. Ke5 Ke7 64. Kd5 g5 65. Ke5 g4 66. Rb4
Ra5+ 67. Kf4 1/2-1/2

[Event "?"]
[Site "?"]
[Date "????.??.??"]
[Round "?"]
[White "Lyly, S."]
[Black "Denda, R."]
[Result "1/2-1/2"]
[WhiteElo "1893"]
[BlackElo "2020"]
[PlyCount "53"]
[EventDate "2013.??.??"]
[WhiteTeam "Helsinki"]
[BlackTeam "Rheno Palatinat"]

1. e4 e5 2. Nf3 Nc6 3. Bb5 Nf6 4. d3 Ne7 5. O-O c6 6. Ba4 Ng6 7. Bb3 Be7 8. Re1
d6 9. c3 O-O 10. Nbd2 Nf4 11. Nf1 Ne6 12. Ne3 Nc5 13. Bc2 g6 14. b4 Ne6 15. Nf1
Re8 16. Bb3 a5 17. a4 axb4 18. cxb4 Qb6 19. Bd2 Nd4 20. a5 Nxf3+ 21. Qxf3 Qd8
22. h3 Be6 23. Bxe6 fxe6 24. Bc3 Rf8 25. Qe2 Nh5 26. g3 Bg5 27. Bd2 1/2-1/2

[Event "?"]
[Site "?"]
[Date "????.??.??"]
[Round "?"]
[White "Nordby, B."]
[Black "Sollid, S."]
[Result "1/2-1/2"]
[WhiteElo "2097"]
[BlackElo "2019"]
[PlyCount "21"]
[EventDate "2013.??.??"]
[WhiteTeam "Blindern Oldtimers"]
[BlackTeam "Norwegen 2"]

1. d4 Nf6 2. Nf3 b6 3. e3 Bb7 4. Bd3 e6 5. O-O Be7 6. c4 O-O 7. Nc3 d5 8. b3 c5
9. Bb2 Nc6 10. cxd5 exd5 11. Ne2 1/2-1/2

[Event "?"]
[Site "?"]
[Date "????.??.??"]
[Round "?"]
[White "Johnsen, O."]
[Black "Fossum, W."]
[Result "1/2-1/2"]
[WhiteElo "2038"]
[BlackElo "1994"]
[PlyCount "42"]
[EventDate "2013.??.??"]
[WhiteTeam "Norwegen 2"]
[BlackTeam "Blindern Oldtimers"]

1. d4 e6 2. Nf3 b6 3. e3 Bb7 4. Bd3 d5 5. O-O Nf6 6. Nbd2 Be7 7. b3 Nbd7 8. Bb2
O-O 9. c4 c5 10. Rc1 cxd4 11. exd4 Rc8 12. Qe2 Ne8 13. cxd5 Bxd5 14. Ba6 Rxc1
15. Rxc1 Nc7 16. Bd3 Bb7 17. Ne4 Nd5 18. Bb1 N7f6 19. Ne5 Qa8 20. Nxf6+ Nxf6
21. f3 Rc8 1/2-1/2

[Event "?"]
[Site "?"]
[Date "????.??.??"]
[Round "?"]
[White "Mundal, A."]
[Black "Melkeraaen, T."]
[Result "0-1"]
[WhiteElo "1937"]
[BlackElo "1950"]
[PlyCount "76"]
[EventDate "2013.??.??"]
[WhiteTeam "Blindern Oldtimers"]
[BlackTeam "Norwegen 2"]

1. d4 e6 2. Nf3 f5 3. c4 Nf6 4. Nc3 d5 5. Bf4 Bd6 6. e3 O-O 7. Be2 b6 8. O-O
Bb7 9. Rc1 a6 10. Qb3 Ra7 11. Na4 Bc6 12. Bxd6 cxd6 13. Qxb6 Qd7 14. Nc3 Rb7
15. Qa5 Rxb2 16. Rb1 Rxb1 17. Rxb1 dxc4 18. Bxc4 Bxf3 19. gxf3 d5 20. Bb3 f4
21. Ne2 fxe3 22. fxe3 Qf7 23. Rf1 Qg6+ 24. Kh1 Qd3 25. Qe1 Qxe3 26. Qf2 Qh6 27.
Qg2 Nc6 28. f4 Ne7 29. Ng3 Ng4 30. Qe2 Rxf4 31. Rxf4 Qxf4 32. Qxe6+ Kf8 33. Qe2
Ne3 34. Qd2 h5 35. Kg1 h4 36. Qf2 Qxf2+ 37. Kxf2 hxg3+ 38. hxg3 N3f5 0-1

[Event "?"]
[Site "?"]
[Date "????.??.??"]
[Round "?"]
[White "Schröter, H."]
[Black "Habershon, P."]
[Result "0-1"]
[WhiteElo "2063"]
[BlackElo "2092"]
[PlyCount "46"]
[EventDate "2013.??.??"]
[WhiteTeam "SV TUR Dresden"]
[BlackTeam "England 3"]

1. e4 Nf6 2. Nc3 d5 3. exd5 Nxd5 4. Nf3 Bg4 5. h3 Bh5 6. Bc4 e6 7. O-O Be7 8.
Re1 O-O 9. Nxd5 exd5 10. Bxd5 Qxd5 11. Rxe7 Nc6 12. Re3 Rac8 13. g4 Bg6 14. d3
f5 15. c4 Qd7 16. g5 Bh5 17. d4 f4 18. Rd3 Qxh3 19. d5 Bxf3 20. Rxf3 Qg4+ 21.
Kf1 Ne5 22. Rd3 f3 23. Be3 Qxc4 0-1

[Event "?"]
[Site "?"]
[Date "????.??.??"]
[Round "?"]
[White "Wood, P."]
[Black "Appelt, G."]
[Result "1-0"]
[WhiteElo "1951"]
[BlackElo "2059"]
[PlyCount "84"]
[EventDate "2013.??.??"]
[WhiteTeam "England 3"]
[BlackTeam "SV TUR Dresden"]

1. e4 e5 2. Bc4 Nc6 3. Nf3 Nf6 4. d3 h6 5. O-O Bc5 6. c3 d6 7. b4 Bb6 8. Nbd2
Bg4 9. Bb3 O-O 10. Nc4 Qe7 11. a4 a6 12. Nxb6 cxb6 13. Be3 Qc7 14. h3 Bh5 15.
g4 Bg6 16. Nh4 Kh7 17. Qd2 Ne7 18. Nf5 Bxf5 19. gxf5 d5 20. f3 Rac8 21. Rac1
Rfd8 22. Qf2 Rd6 23. f4 Nd7 24. fxe5 Nxe5 25. Bd4 f6 26. Qe3 Qb8 27. Kh1 Re8
28. Rg1 Nd7 29. Qg3 g5 30. fxg6+ Kg7 31. e5 Nxe5 32. Bxe5 fxe5 33. Qxe5+ Rf6
34. Rce1 Qd6 35. d4 Qxe5 36. Rxe5 Rf3 37. Bxd5 Nxd5 38. Rxe8 Rxc3 39. Rb8 Nf4
40. Re8 Rb3 41. Re4 Nxg6 42. Rf1 Kh7 1-0

[Event "?"]
[Site "?"]
[Date "????.??.??"]
[Round "?"]
[White "Phillips, W."]
[Black "Muehle, H."]
[Result "1-0"]
[WhiteElo "1932"]
[BlackElo "1927"]
[PlyCount "51"]
[EventDate "2013.??.??"]
[WhiteTeam "England 3"]
[BlackTeam "SV TUR Dresden"]

1. e4 e5 2. Nf3 Nc6 3. Bb5 a6 4. Ba4 Nf6 5. O-O b5 6. Bb3 Be7 7. Re1 d6 8. c3
Na5 9. Bc2 c5 10. d4 cxd4 11. cxd4 Bg4 12. d5 Rc8 13. Nc3 Bxf3 14. Qxf3 b4 15.
Ba4+ Kf8 16. Ne2 Nd7 17. a3 bxa3 18. Bxd7 Rxc1 19. Nxc1 axb2 20. Be6 f6 21. Rb1
Qb6 22. Nd3 Nc4 23. Nxb2 Nd2 24. Qh5 g6 25. Qh6+ Ke8 26. Qxd2 1-0

[Event "?"]
[Site "?"]
[Date "????.??.??"]
[Round "?"]
[White "Andersson, S."]
[Black "Hampel, J."]
[Result "1/2-1/2"]
[WhiteElo "1987"]
[BlackElo "2137"]
[PlyCount "49"]
[EventDate "2013.??.??"]
[WhiteTeam "Schweden 4"]
[BlackTeam "Dresdner Springer"]

1. d4 d5 2. Nf3 Nf6 3. g3 c5 4. e3 Nc6 5. Bg2 e6 6. O-O Be7 7. b3 O-O 8. Bb2
cxd4 9. exd4 b5 10. Ne5 Qb6 11. Nxc6 Qxc6 12. Nd2 Ba6 13. Re1 Rac8 14. Rc1 b4
15. c4 bxc3 16. Rxc3 Qb6 17. Rxc8 Rxc8 18. a3 Bd3 19. Re3 Qa6 20. b4 Bc2 21.
Qc1 Be4 22. Rc3 Rxc3 23. Qxc3 Bxg2 24. Kxg2 Qe2 25. Qe3 1/2-1/2

[Event "?"]
[Site "?"]
[Date "????.??.??"]
[Round "?"]
[White "Zöphel, H."]
[Black "Sandklef, A."]
[Result "1/2-1/2"]
[WhiteElo "2059"]
[BlackElo "1975"]
[PlyCount "92"]
[EventDate "2013.??.??"]
[WhiteTeam "Dresdner Springer"]
[BlackTeam "Schweden 4"]

1. e4 e6 2. Nc3 c5 3. Nf3 a6 4. a4 Nc6 5. d4 cxd4 6. Nxd4 Qc7 7. Nxc6 dxc6 8.
Be3 Bd7 9. a5 c5 10. Bc4 Ne7 11. Qd2 Nc6 12. Bf4 Qd8 13. Ne2 Be7 14. Qc3 Bf6
15. e5 Bg5 16. Bg3 Qc7 17. O-O Be7 18. Rfe1 O-O 19. Kh1 Rad8 20. Bd3 Nb4 21.
Be4 Bc6 22. Bxc6 Qxc6 23. Ng1 Rd7 24. Red1 Rfd8 25. Rxd7 Rxd7 26. Nf3 Bd8 27.
h3 h6 28. Qb3 Qe4 29. Qa4 Qd5 30. c3 Nc6 31. b4 Qc4 32. bxc5 Qxa4 33. Rxa4 Bxa5
34. Nd4 Bxc3 35. Nxc6 bxc6 36. Rxa6 Rc7 37. Ra4 Kh7 38. f4 Kg6 39. Bf2 h5 40.
g3 Kf5 41. Kg2 g5 42. Kf3 gxf4 43. gxf4 Bd2 44. Rd4 Bc1 45. Rc4 Bd2 46. Rd4 Ba5
1/2-1/2

[Event "?"]
[Site "?"]
[Date "????.??.??"]
[Round "?"]
[White "Mückan, F."]
[Black "Nyberg, B."]
[Result "0-1"]
[WhiteElo "2042"]
[BlackElo "1856"]
[PlyCount "86"]
[EventDate "2013.??.??"]
[WhiteTeam "Dresdner Springer"]
[BlackTeam "Schweden 4"]

1. e4 e6 2. d4 d5 3. Nc3 Nf6 4. e5 Nfd7 5. Nce2 c5 6. c3 Nc6 7. Nf3 Qb6 8. g3
cxd4 9. cxd4 Bb4+ 10. Bd2 O-O 11. Bg2 f6 12. exf6 Nxf6 13. O-O Bd7 14. Bf4 Ne4
15. a3 Bd6 16. Bxd6 Nxd6 17. Qd3 Ne4 18. b4 Rad8 19. Nd2 Nxd2 20. Qxd2 Rf6 21.
Rad1 Ne7 22. Rfe1 e5 23. Nf4 e4 24. Qa2 Ba4 25. Rd2 Kh8 26. Rc1 Qd6 27. Qb2 Be8
28. Ne2 Bg6 29. Nc3 Nf5 30. Nd1 h5 31. Ne3 h4 32. Nxf5 Bxf5 33. Qc3 hxg3 34.
hxg3 Rh6 35. Qe3 Rf8 36. Rdd1 Bg4 37. Kf1 Bxd1 38. Rxd1 Rhf6 39. Rd2 Qa6+ 40.
Ke1 Qc4 41. Re2 Rc8 42. Rd2 Qc1+ 43. Ke2 Qg1 0-1